01702nam a2200361Ia 4500001001200000003000800012006001900020007001500039008004100054010001700095020001500112020001500127040002100142035002100163050002400184082001700208100002000225245009100245250001200336260004400348300001100392504006600403505045300469533015200922650001501074650002401089650001201113650002601125655002901151710001701180856012601197999001701323ebr10135413CaPaEBRm u cr cn|||||||||040512s2004 nyu sb 001 0 eng d z 2004049006 z1403978727 z1403961611 aCaPaEBRcCaPaEBR a(OCoLC)56018916914aHV6431b.W42 2004eb04a303.6/252221 aWebel, Charles.10aTerror, terrorism, and the human conditionh[electronic resource] /cCharles P. Webel. a1st ed. aNew York :bPalgrave Macmillan,cc2004. a156 p. aIncludes bibliographical references (p. [115]-144) and index.0 aIntroduction : pondering the imponderable -- 1. Defining the indefinable : what are, and are not "terror, terrorism, and the human condition?" -- 2. Depicting the indescribable : a brief history of terrorism -- 3. Articulating the ineffable : the voices of the terrified -- 4. Surviving the unendurable : coping, and failing to cope, with terror -- Conclusion : imagining the unimaginable? : a world without (or with less ...) terror and terrorism? aElectronic reproduction.bPalo Alto, Calif. :cebrary,d2009.nAvailable via World Wide Web.nAccess may be limited to ebrary affiliated libraries. 0aTerrorism. 0aTerrorismxHistory. 0aTerror. 0aVictims of terrorism. 7aElectronic books.2local2 aebrary, Inc.40uhttp://site.ebrary.com/lib/rucke/Doc?id=10135413zAn electronic book accessible through the World Wide Web; click to view c85064d85064